|
|
|
|
| LEADER |
00705nam a2200193 i 4500 |
| 001 |
misc57775 |
| 005 |
20210517230730.0 |
| 008 |
210517s1900 hu o 0|| hun d |
| 040 |
|
|
|a SZTE Miscellanea Repozitórium
|b hun
|
| 041 |
|
|
|a hun
|
| 100 |
1 |
|
|a Szakács Andor
|
| 245 |
1 |
2 |
|a A fekete szivárvány
|h [elektronikus dokumentum] :
|b regény az antik korból /
|c Szakács Andor
|
| 260 |
|
|
|a Engel Lajos Könyvnyomdája
|b Szeged, Magyarország
|c 1900
|
| 300 |
|
|
|a 224 p.
|c 19 cm
|
| 650 |
|
4 |
|a Bölcsészettudományok
|
| 650 |
|
4 |
|a Nyelvek és irodalom
|
| 650 |
|
4 |
|a Általános irodalomtudományok
|
| 695 |
|
|
|a Magyar irodalom - regény
|
| 856 |
4 |
0 |
|u http://misc.bibl.u-szeged.hu/57775/1/xa_213490.pdf
|z Dokumentum-elérés
|